Parliament's representation of women : (Record no. 3890)

MARC details
000 -LEADER
fixed length control field 00840nam a22002777a 4500
003 - CONTROL NUMBER IDENTIFIER
control field LK-CoMWRAF
005 - DATE AND TIME OF LATEST TRANSACTION
control field 20240212114250.0
008 - FIXED-LENGTH DATA ELEMENTS--GENERAL INFORMATION
fixed length control field 231016b2016 |||||||| |||| 00| 0 eng d
020 ## - INTERNATIONAL STANDARD BOOK NUMBER
International Standard Book Number 9789551770273
040 ## - CATALOGING SOURCE
Original cataloging agency LK-CoMWRAF
Modifying agency LK-CoMWRAF
Description conventions LK-CoMWRAF
041 ## - LANGUAGE CODE
Language code of text/sound track or separate title English
082 ## - DEWEY DECIMAL CLASSIFICATION NUMBER
Classification number 305.42
Item number PAR
942 ## - ADDED ENTRY ELEMENTS (KOHA)
Koha item type Books
700 ## - ADDED ENTRY--PERSONAL NAME
Personal name Haniffa,Farzana
700 ## - ADDED ENTRY--PERSONAL NAME
Personal name Kodikara, Chulani
700 ## - ADDED ENTRY--PERSONAL NAME
Personal name Kottegoda, Sepali
700 ## - ADDED ENTRY--PERSONAL NAME
Personal name Nagaraj, Vijay K.
700 ## - ADDED ENTRY--PERSONAL NAME
Personal name Peiris, Pradeep
700 ## - ADDED ENTRY--PERSONAL NAME
Personal name Samuel, Kumudini
700 ## - ADDED ENTRY--PERSONAL NAME
Personal name Surenthiraraj, Esther
700 ## - ADDED ENTRY--PERSONAL NAME
Personal name Wijewardene, Shermal
245 ## - TITLE STATEMENT
Title Parliament's representation of women :
Remainder of title a selective review of Sri Lanka's hansards from 2005-2014
260 ## - PUBLICATION, DISTRIBUTION, ETC. (IMPRINT)
Place of publication, distribution, etc. Colombo :
Name of publisher, distributor, etc. Women and media collective,
Date of publication, distribution, etc. 2016
300 ## - PHYSICAL DESCRIPTION
Extent 112 p. 22 cm
650 ## - SUBJECT ADDED ENTRY--TOPICAL TERM
Topical term or geographic name as entry element WOMEN--Sri Lanka--Social conditions.
Holdings
Withdrawn status Lost status Damaged status Not for loan Permanent Location Current Location Date acquired Full call number Barcode Koha item type
        Resource center, Muslim Women's Research And Action Forum Resource center, Muslim Women's Research And Action Forum 2023-10-16 305.42 PAR RAF1767 Books

Copyright © 2023 Muslim Women's Research and Action Forum (MWRAF), No 27/3, Anderson Road, Kalubowila, Dehiwela. Funded by The Asia Fundation